| Tag |
First Indicator |
Second Indicator |
Subfields |
| LEADER |
00000cam a2200000 i 4500 |
| 001 |
in00000662995 |
| 005 |
20151015092437.0 |
| 008 |
780126r19761834miu a 00000 enged |
| 035 |
|
|
|a (OCoLC)03582751
|
| 035 |
|
|
|9 ACY6788AM
|
| 040 |
|
|
|a DLC
|c UPM
|d UPM
|d TXA
|d UtOrBLW
|
| 049 |
|
|
|a TXAI
|
| 090 |
|
|
|a HG593
|b .H3
|
| 099 |
|
|
|a film
|a B
|a 1512
|a reel
|a 639.4
|
| 100 |
1 |
|
|a Hare, Robert,
|d 1781-1858.
|
| 245 |
1 |
0 |
|a Proofs that credit as money in a truly free country, is to a great extent preferable to coin.
|
| 264 |
|
3 |
|a Philadelphia :
|b Printed by J. C. Clark,
|c 1834.
|
| 300 |
|
|
|a 12 pages
|
| 336 |
|
|
|a text
|b txt
|2 rdacontent
|
| 337 |
|
|
|a microform
|b h
|2 rdamedia
|
| 338 |
|
|
|a microfilm reel
|b hd
|2 rdacarrier
|
| 500 |
|
|
|a "Abstracted from a pamphlet published in 1810, and revised by the author."
|
| 500 |
|
|
|a Microfilm. Ann Arbor, Mich., University Microfilms, Int'leaves, 1976, 1 reel. 35 mm. (American Culture Series, reel. 35 mm. (American Culture Series, reel 639:4).
|
| 500 |
|
|
|a Microform.
|
| 650 |
|
0 |
|a Credit.
|
| 999 |
|
|
|a MARS
|
| 999 |
f |
f |
|s 09d0a07c-81f0-3822-841d-7e88c27129c8
|i 3c6fe70d-e8c1-32f6-bdcc-b3ab448cccd0
|t 0
|
| 952 |
f |
f |
|p default
|a Texas A&M University
|b College Station
|c Sterling C. Evans Library
|d Evans: Microforms (3rd floor)
|t 0
|e film B 1512 reel 639.4
|h Other scheme
|i microform -- microfilm reel
|
| 998 |
f |
f |
|a film B 1512 reel 639.4
|t 0
|l Evans: Microforms (3rd floor)
|